Бутилированная вода. Требования мировых и европейских стандартов к качеству и безопасности

Detaylı Bibliyografya
Yazar: Фомин Г. С. Геннадий Сергеевич
Diğer Yazarlar: Фомина О. Н. Ольга Николаевна
Özet:В настоящем издании впервые даны вместе требования стандартов Codex Alimentarius и Директив Европейского Союза к питьевой и минеральной воде. Книга (первое издание вышло в 2003 г. под наименованием «Питьевая и минеральная вода. Требования мировых и европейских стандартов к качеству и безопасности») дополнена новыми требованиями, приведены сведения о требованиях к качеству и безопасности питьевой и минеральной воды, установленные российскими санитарными нормативами и правилами, законами и техническими регламентами стран СНГ, американскими правительственными и неправительственными организациями. Данная книга предназначена для специалистов предприятий по производству и розливу питьевой и минеральной воды, специалистов центров санитарии и гигиены, аналитических центров и производственных лабораторий, работников геологических служб, производителей приборов и оборудования для контроля качества воды.
Dil:Rusça
Baskı/Yayın Bilgisi: Москва, Протектор, 2010
Konular:
Materyal Türü: Kitap
KOHA link:https://koha.lib.tpu.ru/cgi-bin/koha/opac-detail.pl?biblionumber=177375

MARC

LEADER 00000nam0a2200000 4500
001 177375
005 20231101223328.0
010 |a 5900631141 
035 |a (RuTPU)RU\TPU\book\192287 
090 |a 177375 
100 |a 20100316d2010 k y0rusy50 ca 
101 0 |a rus 
102 |a RU 
105 |a a l 001zy 
200 1 |a Бутилированная вода. Требования мировых и европейских стандартов к качеству и безопасности  |f Г. С. Фомин, О. Н. Фомина 
210 |a Москва  |c Протектор  |d 2010 
215 |a 320 с.  |c ил. 
320 |a Библиогр.: с. 283-284. 
330 |a В настоящем издании впервые даны вместе требования стандартов Codex Alimentarius и Директив Европейского Союза к питьевой и минеральной воде. Книга (первое издание вышло в 2003 г. под наименованием «Питьевая и минеральная вода. Требования мировых и европейских стандартов к качеству и безопасности») дополнена новыми требованиями, приведены сведения о требованиях к качеству и безопасности питьевой и минеральной воды, установленные российскими санитарными нормативами и правилами, законами и техническими регламентами стран СНГ, американскими правительственными и неправительственными организациями. Данная книга предназначена для специалистов предприятий по производству и розливу питьевой и минеральной воды, специалистов центров санитарии и гигиены, аналитических центров и производственных лабораторий, работников геологических служб, производителей приборов и оборудования для контроля качества воды. 
606 1 |a Вода бутилированная  |2 stltpush  |3 (RuTPU)RU\TPU\subj\69480  |9 84330 
610 1 |a питьевая вода 
610 1 |a упакованная вода 
610 1 |a качество 
610 1 |a безопасность 
610 1 |a мировые стандарты 
610 1 |a Европейские стандарты 
610 1 |a директивы Европейского Союза 
610 1 |a Codex Alimentarius 
610 1 |a требования 
610 1 |a технические регламенты 
610 1 |a законы 
610 1 |a санитарные нормы 
610 1 |a Россия 
610 1 |a СНГ 
610 1 |a США 
610 1 |a минеральная вода 
675 |a 663  |v 3 
700 1 |a Фомин  |b Г. С.  |g Геннадий Сергеевич 
701 1 |a Фомина  |b О. Н.  |g Ольга Николаевна 
801 1 |a RU  |b 63413507  |c 20100316 
801 2 |a RU  |b 63413507  |c 20141216  |g RCR 
942 |c BK 
959 |a 16/20100315  |d 1  |e 600,00  |f ЧЗКДП:1